00657nam a22001937a 4500003000400000005001700004008004100021022001400062040000900076050002900085245019000114260004700304300002300351440001000374500002000384700002100404700001900425700001900444OSt20230724132534.0140903b xxu||||| |||| 00| 0 eng d a0855 0832 cWIUC aKRX19.A3 G34(1992 vol 1) aThe Ghana Law Reports 1992 volume 1: cases determined by the High Court of Appeal and the Supreme Court of the Republic of Ghana /cedited by D.R.K. Sankah, J.K.E. Edzie and P.K.Twumasi aAccra :bCouncil for Law Reporting,c1999. axxxiv,651p.:c25cm vvol 1 aIncludes index. aSankah, D. R. K. aEdzie, J.K. E. aTwumasi, P. K.